Tools and environments for parallel and distributed computing
Surveys current software tools for developing, implementing, and supporting high-performance parallel and distributed computing environments and applications. Four of the six contributions describe message-passing models for network-centric applications, distributed shared memory tools, three specif...
Zapisane w:
| 1. autor: | |
|---|---|
| Format: | Książka |
| Język: | Undetermined |
| Wydane: |
Hoboken, N.J.
J. Wiley
2004
|
| Hasła przedmiotowe: | |
| Etykiety: |
Dodaj etykietę
Nie ma etykietki, Dołącz pierwszą etykiete!
|
| Thư viện lưu trữ: | Trung tâm Học liệu Trường Đại học Cần Thơ |
|---|
| LEADER | 01433nam a2200217Ia 4500 | ||
|---|---|---|---|
| 001 | CTU_137933 | ||
| 008 | 210402s9999 xx 000 0 und d | ||
| 020 | |c 2148000 | ||
| 082 | |a 004.35 | ||
| 082 | |b H281 | ||
| 100 | |a Hariri, Salim | ||
| 245 | 0 | |a Tools and environments for parallel and distributed computing | |
| 245 | 0 | |c Edited by Salim Hariri, Manish Parashar | |
| 260 | |a Hoboken, N.J. | ||
| 260 | |b J. Wiley | ||
| 260 | |c 2004 | ||
| 520 | |a Surveys current software tools for developing, implementing, and supporting high-performance parallel and distributed computing environments and applications. Four of the six contributions describe message-passing models for network-centric applications, distributed shared memory tools, three specific distributed-object approaches, and several grid architectures. Ping, concurrency, and numerical computation experiments compare the performance of the Java-RMI, CORBA, and DCOM distributed-object technologies. The last chapter presents a software development process for high-performance parallel and distributed computing environments and a sample parallel model of stock option pricing. | ||
| 650 | |a Parallel processing (Electronic computers),Electronic data processing,Xử lý dữ liệu điện tử,Thiết bị điện tử | ||
| 650 | |x Distributed processing | ||
| 904 | |i Trọng Hải | ||
| 980 | |a Trung tâm Học liệu Trường Đại học Cần Thơ | ||